000 02389cam a22003618i 4500
999 _c16753
_d16753
001 22031194
005 20220401152424.0
008 210511s2022 nyu b 001 0 eng
010 _a 2021015750
020 _a9780367348328
020 _a9781032101477
020 _z9781003213857
040 _aDLC
_beng
_erda
_cDLC
042 _apcc
043 _aaz-----
050 0 0 _aPK5407
_bL54 2022
082 0 0 _aDC 801.950954
_22022
_bL712
245 0 0 _aLiterary theory and criticism :
_brecent writings from South Asia /
_cedited by Arun Gupto.
260 _aLondon :
_bRoutledge ,
_c©2022.
263 _a2108
300 _axix, 256 pages :
_billustrations ;
_c24 cm.
504 _aIncludes bibliographical references and index.
520 _a"The book explores key South Asian writings on cultural theory and literary criticism. It discusses the dynamics of textual contents, rhetorical styles, and socio-political issues through an exploration of seminal South Asian scholarship in the Humanities and Social Sciences. The volume examines concepts and methods of critical studies. It also discusses colonial and postcolonial discourses on art, religion, nationalism, identity, representation, resistance, and gender in the South Asian context. The essays are accompanied by textual questions and intertextual discussions on rhetorical, creative, and critical aspects of the selected texts. The exercise questions invite the reader to explore the mechanics of reading about and writing on discursive pieces in South Asian studies. Comprehensive and interdisciplinary, this textbook will be indispensable for students and researchers of South Asian studies, cultural theory, literary criticism, postcolonial studies, literary and language studies, women and gender studies, rhetoric and composition, political sociology, and cultural studies"--
650 0 _aSouth Asian literature
_xHistory and criticism.
_944795
650 0 _aLiterature and society
_zSouth Asia
_xHistory.
_944796
651 0 _aSouth Asia
_xSocial life and customs.
_944797
651 0 _aSouth Asia
_xCivilization.
_944798
700 1 _aGupto, Arun,
_eeditor.
_944799
776 0 8 _iOnline version:
_tLiterary theory and criticism
_dAbingdon, Oxon : New York : Routledge, 2022
_z9781003213857
_w(DLC) 2021015751
906 _a7
_bcbc
_corignew
_d1
_eecip
_f20
_gy-gencatlg
942 _2ddc
_cDC